000
00214nam a22000857a 4500
008
170621b xxu||||| |||| 00| 0 eng d
100
_9
3608
_a
Tarafder. S. K
245
_a
Essay writing
260
_a
New Delhi
_b
A. P. H
_c
2010
999
_c
6996
_d
6996